Kaizen: více akcí, méně slov
Kombinácia prístupov plynulého, drobného zlepšovania typu kaizen s radikálnymi inovačnými zmenami ako metóda kakushin alebo kaikaku. Kaizen ako spôsob života a kultúra podniku. Tri piliere kaizen - osobný kaizen, vytváranie vzájomnej dôvery a spolupráca a organizácia systému riešenia problémov v pod...
Guardado en:
| Autor principal: | |
|---|---|
| Formato: | Capítulo de libro |
| Lenguaje: | checo |
| Materias: | |
| Etiquetas: |
Sin Etiquetas, Sea el primero en etiquetar este registro!
|
MARC
| LEADER | 00000naa$a2200000$$$4500 | ||
|---|---|---|---|
| 001 | 0106591 | ||
| 005 | 20231213141128.0 | ||
| 041 | 0 | |a cze | |
| 044 | |a CZ | ||
| 245 | 1 | 0 | |a Kaizen: více akcí, méně slov |c Ján Košturiak |
| 520 | |a Kombinácia prístupov plynulého, drobného zlepšovania typu kaizen s radikálnymi inovačnými zmenami ako metóda kakushin alebo kaikaku. Kaizen ako spôsob života a kultúra podniku. Tri piliere kaizen - osobný kaizen, vytváranie vzájomnej dôvery a spolupráca a organizácia systému riešenia problémov v podniku. Ako prebieha kaizen v praxi. Analýza 58 malých a stredných podnikov a 65 veľkých medzinárodných firiem z rôznych priemyselných oblastí. | ||
| 610 | 2 | 0 | |a manažment strategický |
| 610 | 2 | 0 | |a riadenie strategické |
| 610 | 2 | 0 | |a metódy riadenia |
| 610 | 2 | 0 | |a výroba |
| 610 | 2 | 0 | |a inovácia |
| 610 | 2 | 0 | |a zlepšovateľstvo |
| 610 | 2 | 0 | |a analýzy |
| 100 | 1 | |a Košturiak, Ján | |